Essendon Football Club 2025 List - Statistics

General Stats
  • This quiz has been taken 84 times
  • The average score is 30 of 43
Answer Stats
Hint Answer % Correct
1 Andrew McGrath
98%
7 Zach Merrett
98%
3 Darcy Parish
94%
6 Jye Caldwell
92%
4 Kyle Langford
92%
10 Isaac Kako
90%
2 Sam Draper
90%
30 Nate Caddy
86%
8 Ben Hobbs
84%
23 Harrison Jones
84%
22 Sam Durham
84%
16 Archie Perkins
82%
32 Ben McKay
82%
11 Jade Gresham
82%
27 Mason Redman
78%
20 Peter Wright
78%
9 Dylan Shiel
76%
5 Elijah Tsatas
76%
17 Todd Goldstein
76%
14 Jordan Ridley
75%
21 Archie Roberts
73%
12 Will Setterfield
73%
15 Jayden Laverde
69%
24 Nick Bryan
69%
13 Nik Cox
69%
29 Jye Menzie
65%
31 Zach Reid
65%
37 Nic Martin
63%
28 Xavier Duursma
63%
35 Matt Guelfi
59%
25 Jaxon Prior
57%
34 Luamon Lual
57%
41 Saad El-Hawli
53%
18 Lewis Hayes
51%
36 Angus Clarke
49%
40 Zak Johnson
49%
44 Archer Day-Wicks
45%
39 Vigo Visentini
45%
33 Alwyn Davey Jnr
41%
19 Kayle Gerreyn
39%
42 Jayden Nguyen
37%
45 Thomas Edwards
37%
38 Rhys Unwin
35%
No matching quizzes found
Score Distribution
Percent of People with Each Score
Percentile by Number Answered
Your Score History
You have not taken this quiz